000 00396pab a2200157 454500
008 180718b2009 xxu||||| |||| 00| 0 eng d
100 _aAntoni, Giacomo Degli
245 _aIntrinsic vs. extrinsic motivations to volunteer and social capital formation
260 _c2009
300 _ap.359-70.
362 _aAug
650 _aMotivation
773 _aKyklos
908 _aN
909 _a83255
999 _c83255
_d83255